Kĺzavý priemer - základný nástroj technickej analýzy

Salvato in:
Dettagli Bibliografici
Autore principale: Sivašová, Daniela, 1955-
Natura: Capitolo di libro
Lingua:slovacco
Soggetti:
Tags: Aggiungi Tag
Nessun Tag, puoi essere il primo ad aggiungerne!!

MARC

LEADER 00000naa$a2200000$$$4500
001 0179973
005 20240502073047.8
041 0 |a slo 
044 |a SK 
245 1 0 |a Kĺzavý priemer - základný nástroj technickej analýzy  |c Daniela Sivašová 
500 |a Abstrakt 
610 2 0 |a analýzy 
610 2 0 |a štatistika 
610 2 0 |a rady časové 
610 2 0 |a trh finančný 
100 1 |a Sivašová, Daniela, 1955-